Central Library OPAC University of Rajshahi

رويائ صادقه # # ruyay sadiqah / (Record no. 80624)

MARC details
000 -LEADER
fixed length control field 00577nam a2200205 4500
001 - CONTROL NUMBER
control field 80624
003 - CONTROL NUMBER IDENTIFIER
rucl marc code BD-RjUL
005 - DATE AND TIME OF LATEST TRANSACTION
control field 20221026090935.0
008 - FIXED-LENGTH DATA ELEMENTS--GENERAL INFORMATION
fixed length control field 221026s195 ii ||||| |||| 00| 1 urd d
035 ## - SYSTEM CONTROL NUMBER
System control number (BD-RjUL)80624
040 ## - CATALOGING SOURCE
Original cataloging agency BD-RjUL
Language of cataloging eng
Transcribing agency BD-RjUL
041 ## - LANGUAGE CODE
Language code of text/sound track or separate title urd
082 ## - DEWEY DECIMAL CLASSIFICATION NUMBER
Edition number 23
Classification number 891.4393
Author mark and year AHR 195?
100 1# - MAIN ENTRY--PERSONAL NAME
Personal name Ahmad, Nazir
9 (RLIN) 5492
245 10 - TITLE STATEMENT
Title رويائ صادقه # # ruyay sadiqah /
Statement of responsibility, etc. نزير احمد # # Nazir Ahmed
260 ## - PUBLICATION, DISTRIBUTION, ETC. (IMPRINT)
Place of publication, distribution, etc. Karachi :
Name of publisher, distributor, etc. Shikh Mubarak Ali ,
Date of publication, distribution, etc. 1947
300 ## - PHYSICAL DESCRIPTION
Pagination 320 p. ;
Size 18 cm
650 ## - SUBJECT ADDED ENTRY--TOPICAL TERM
Topical term or geographic name as entry element Urdu
Form subdivision Fiction
9 (RLIN) 5150
942 ## - ADDED ENTRY ELEMENTS (KOHA)
Source of classification or shelving scheme Dewey Decimal Classification
Koha item type Books
Holdings
Lost status Source of classification or shelving scheme Damaged status Not for loan Collection code Permanent Location Current Location Shelving location Date acquired Source of acquisition Full call number Date last seen Copy number Koha item type
  Dewey Decimal Classification   Not For Loan Fiction Central Library, University of Rajshahi Central Library, University of Rajshahi Fiction 12/08/1957 Md. Mubarak Ali U 891.4393 AHR 195? 26/10/2022 C-1 Books